| 000 | 01207 a2200217 4500 | ||
|---|---|---|---|
| 003 | Nust | ||
| 005 | 20221010124000.0 | ||
| 010 | _a 2010048597 | ||
| 020 | _a013230998X (alk. paper) | ||
| 020 | _a9780132309981 (alk. paper) | ||
| 040 | _cNust | ||
| 082 | 0 | 0 | _a005.43,STA |
| 100 | 1 | _aStallings, William. | |
| 245 | 1 | 0 |
_aOperating systems : _binternals and design principles / _cWilliam Stallings. |
| 250 | _a7th ed. | ||
| 260 |
_aBoston : _bPrentice Hall, _cc2012. |
||
| 300 |
_axix, 707 p. : _bill. ; _c24 cm. |
||
| 505 | _aOperating system overview (Page 1)Process description and control (Page 63)Threads (Page 115) Concurrency: mutual exclusion and synchronization (Page 157), Concurrency: deadlock and starvation (Page 219), Memory management(Page 267),Virtual memory(Page 303), Uni processor scheduling (Page 359), Multiprocessor and real-time scheduling (Page 395), I/O management and disk scheduling (Page 441),File management (Page 489),Distributed systems and security networking(Page 596), Distributed processing client server and clusters(Page 621), Distributed process management(Page 655), Security (Page 649). | ||
| 650 | 0 | _aOperating systems (Computers) | |
| 942 |
_2ddc _cBK _k005.43,STA |
||
| 999 |
_c218135 _d218135 |
||